|
|
|
|
| LEADER |
00000nam0a2200000 4500 |
| 001 |
249801 |
| 005 |
20231101232515.0 |
| 020 |
|
|
|a RU
|b 89-13436
|
| 035 |
|
|
|a (RuTPU)RU\TPU\book\271909
|
| 090 |
|
|
|a 249801
|
| 100 |
|
|
|a 20140207d1988 k y0rusy5003 ca
|
| 101 |
0 |
|
|a rus
|
| 102 |
|
|
|a RU
|
| 105 |
|
|
|a a z 001zy
|
| 200 |
1 |
|
|a Оценка нефтегазоносности локальных объектов Приуралья по биогеохимическим критериям
|f А. А. Оборонин [и др.]
|g Академия наук СССР (АН СССР), Уральское отделение
|
| 210 |
|
|
|a Свердловск
|c УрО АН СССР
|d 1988
|
| 215 |
|
|
|a 122 с.
|c ил.
|
| 320 |
|
|
|a Библиогр.: с. 115-123 (153 назв.)
|
| 606 |
1 |
|
|a Нефтегазоносность
|x Геохимические исследования
|2 stltpush
|3 (RuTPU)RU\TPU\subj\45593
|9 64786
|
| 610 |
1 |
|
|a нефтяные месторождения
|
| 610 |
1 |
|
|a газовые месторождения
|
| 610 |
1 |
|
|a поиск
|
| 610 |
1 |
|
|a геохимические методы
|
| 610 |
1 |
|
|a разведка
|
| 610 |
1 |
|
|a Приуралье
|
| 610 |
1 |
|
|a обработка
|
| 610 |
1 |
|
|a интерпретация
|
| 610 |
1 |
|
|a биогеохимические исследования
|
| 610 |
1 |
|
|a эффективность
|
| 675 |
|
|
|a 553.98:550.84
|z rus
|
| 701 |
|
1 |
|a Оборонин
|b А. А.
|g Александр Антонович
|
| 701 |
|
1 |
|a Шишкин
|b М. А.
|g Михаил Андреевич
|
| 701 |
|
1 |
|a Бачурин
|b Б. А.
|g Борис Александрович
|
| 701 |
|
1 |
|a Галкин
|b В. И.
|g Владислав Игнатьевич
|
| 701 |
|
1 |
|a Михайлов
|b Г. К.
|g Герман Калистратович
|
| 712 |
0 |
2 |
|a Академия наук СССР (АН СССР)
|b Уральское отделение
|2 stltpush
|3 (RuTPU)RU\TPU\col\11479
|
| 801 |
|
0 |
|a RU
|b RuMRKP
|c 19950417
|g psbo
|
| 801 |
|
1 |
|a RU
|b 63413507
|c 20140207
|
| 801 |
|
2 |
|a RU
|b 63413507
|c 20140218
|g RCR
|
| 942 |
|
|
|c BK
|